000 00213nam a22000977a 4500
999 _c15845
_d15845
003 OSt
008 191022b ||||| |||| 00| 0 eng d
100 _aSankara,Kurup G
_94323
245 _aVishwadarshanam
942 _cBK